000 00729na a2200241 4500
001 14222
003 MIRAKIL
005 20181213155029.0
008 161101b tu 000 0
035 _a14222
040 _aMilas
_btur
_cTR-AnCHP
041 _atur
_aeng
082 _a780.92
_bB37 2002
090 _a780.92 B37 2004
245 _aBestekar milletvekilleri
_b= Parlimentary composers
246 _aParlimentary composers
260 _aİstanbul
_bTBMM Kültür Sanat ve Yayın Kurulu
_c2004
300 _a32 s.
_brnk. res.
_c23 sm.
_e+ 1 CD-ROM
650 _aMilletvekilleri
_xYaşamöyküsü
_zTürkiye
650 _aBesteciler
_xMilletvekilleri
_zTürkiye
657 _aBesteci milletvekiller
942 _2ddc
_cBKS
999 _c5156
_d5156